The use of sensitivity analysis and Monte-Carlo simulation for risk management in agricultural investments

Podrobná bibliografia
Hlavný autor: Keszthelyi, Szilárd (Autor)
Médium: Článok
Jazyk:angličtina
ISBN:8096759345

MARC

LEADER 00000naa a2200000uu 4500
001 vtls010952680
003 SK-MaSNL
005 20260302123722.0
008 210906|1997 xo |||||||||||||||||eng|
015 |a SNBRA 
035 |a (urnnbn)urn:nbn:sk:snk:ar-a0bl0g 
035 |a (uuid)908c94ce-d806-41aa-b23f-ee70eca2cc2e 
035 |a urn:nbn:sk:snk-aaud0s 
040 |a SNKBUCL  |b slo  |c SNKBUCL  |e AACR2 
041 0 |a eng 
044 |a xo  |c SK 
100 1 |a Keszthelyi, Szilárd  |4 aut  |9 808851 
245 1 4 |a The use of sensitivity analysis and Monte-Carlo simulation for risk management in agricultural investments  |c Szilárd Keszthelyi 
773 0 |t Informatics and mathematics  |d Košice : Informatech, 1997  |g S. 86-91  |z 8096759345 
958 |a OND 
958 |a article11 
958 |a chapter 
999 |c 1284426  |d 1286356